-
BENDALE, DR.ATUL R. AHIRE, HARSHALI R. NAPHADE, VAISHALI D AND JADHAV , DR. ANIL G
Entry Personal Name
Number of records used in: 1
001 - CONTROL NUMBER
003 - CONTROL NUMBER IDENTIFIER
005 - DATE AND TIME OF LATEST TRANSACTION
- control field:
20250904125844.0
008 - FIXED-LENGTH DATA ELEMENTS
- fixed length control field:
250904|| aca||aabn | a|a d
040 ## - CATALOGING SOURCE
- Original cataloging agency:
JRU
- Transcribing agency:
JRU
100 ## - HEADING--PERSONAL NAME
- Personal name:
BENDALE, DR.ATUL R. AHIRE, HARSHALI R. NAPHADE, VAISHALI D AND JADHAV , DR. ANIL G
670 ## - SOURCE DATA FOUND
- Source citation:
Work cat.: (JRU)8783: BENDALE, DR.ATUL R. AHIRE, HARSHALI R. NAPHADE, VAISHALI D AND JADHAV , DR. ANIL G., PHARMACEUTICAL CHEMISTRY FOR DIPLOMA IN PHARMACY : exclusively prepared for d pharma [1st year students ], 2025